[Event "Junior Online 4NCL Division 5"]
[Site "online"]
[Date "2020.06.04"]
[Round "8.62"]
[White "Taylor, Tamuka"]
[Black "Patel, Ryan"]
[Result "0-1"]
[WhiteElo "700"]
[BlackElo "700"]
[PlyCount "88"]
[EventDate "2020.06.04"]
[WhiteTeam "Watford 5"]
[BlackTeam "Harrow Juniors G"]

1. e4 e5 2. Nf3 Nc6 3. d4 exd4 4. Bb5 Bb4+ 5. c3 dxc3 6. bxc3 Bc5 7. O-O a6 8.
Bc4 b5 9. Bd3 f6 10. Re1 Ne5 11. Nxe5 fxe5 12. c4 bxc4 13. Bxc4 Qh4 14. g3 Qh3
15. Nc3 Bb7 16. Nd5 c6 17. Nc3 Bb4 18. Nb1 Bxe1 19. Qxe1 c5 20. f4 Bxe4 21.
Qxe4 Rb8 22. Nc3 Rb4 23. Qd3 exf4 24. gxf4 Nf6 25. Ba3 Qg4+ 26. Kf2 Rb6 27.
Bxc5 Rb2+ 28. Ke3 Qh3+ 29. Kd4 Qxd3+ 30. Bxd3 Kf7 31. Bc4+ Kg6 32. Rg1+ Kh6 33.
Ke5 Rc2 34. Kd4 d6 35. Bxd6 Rd8 36. Nd5 Rxd6 37. h4 Rd2+ 38. Kc5 Rd7 39. Nxf6
gxf6 40. Rh1 Rc7+ 41. Kb6 Rxc4 42. h5 Rxf4 43. a3 Rb2+ 44. Kxa6 Ra4# 0-1

[Event "Junior Online 4NCL Division 5"]
[Site "online"]
[Date "2020.06.04"]
[Round "8.65"]
[White "Kula, Michal"]
[Black "Bhattacharya, Cali"]
[Result "0-1"]
[WhiteElo "850"]
[BlackElo "1375"]
[PlyCount "110"]
[EventDate "2020.06.04"]
[WhiteTeam "Blue Foxes 2"]
[BlackTeam "Muswell Hill Rookies A"]

1. e4 e6 2. Nh3 Nc6 3. d4 d5 4. e5 f6 5. exf6 Nxf6 6. c4 Bd6 7. c5 Be7 8. Nc3
b6 9. cxb6 cxb6 10. a3 O-O 11. b4 Bd6 12. g3 Ne7 13. Nb5 Nf5 14. Nxd6 Nxd6 15.
Bd3 a5 16. bxa5 bxa5 17. Nf4 Re8 18. h4 e5 19. dxe5 Rxe5+ 20. Kf1 Bg4 21. f3
Bd7 22. Bb2 Re8 23. g4 Bc6 24. g5 Nd7 25. Qc2 g6 26. Qc3 Ne5 27. Re1 Ndf7 28.
Nh3 d4 29. Qxd4 Qd5 30. Qc3 Qxf3+ 31. Nf2 Rf8 32. Rxe5 Nxe5 33. Rh2 Qxd3+ 34.
Qxd3 Nxd3 35. Bd4 Rae8 36. Bc3 Nxf2 37. Rxf2 Rxf2+ 38. Kxf2 Kf7 39. Bxa5 Ke6
40. Bc3 Kd5 41. a4 Bxa4 42. Kf3 Bc6 43. Kg4 Re4+ 44. Kf3 Kc4 45. Be1 Rxe1+ 46.
Kf4 Re4+ 47. Kf3 Rxh4+ 48. Kg3 Re4 49. Kf3 Kd3 50. Kg3 Ke2 51. Kg2 Rg4+ 52. Kh3
Bf3 53. Kh2 Kf2 54. Kh3 Be2 55. Kh2 Rh4# 0-1

[Event "Junior Online 4NCL Division 5"]
[Site "online"]
[Date "2020.06.04"]
[Round "8.67"]
[White "Gadhia, Sathya"]
[Black "Szanyi, Tristan"]
[Result "0-1"]
[WhiteElo "812"]
[BlackElo "1240"]
[PlyCount "44"]
[EventDate "2020.06.04"]
[WhiteTeam "Blue Foxes 2"]
[BlackTeam "Muswell Hill Rookies A"]

1. Nf3 d5 2. Nc3 Nc6 3. d4 Nf6 4. e4 dxe4 5. Nh4 e6 6. Qe2 Nxd4 7. Qd2 Nc6 8.
Qxd8+ Nxd8 9. Bb5+ Nc6 10. Bxc6+ bxc6 11. O-O Be7 12. Re1 O-O 13. Nxe4 Nxe4 14.
Rxe4 Bb7 15. Bf4 c5 16. Bxc7 Bxe4 17. Re1 Bb7 18. Re5 Bxh4 19. Rxc5 Rac8 20.
Rb5 Rxc7 21. Ra5 Rd8 22. Rxa7 Rd1# 0-1

[Event "Junior Online 4NCL Division 5"]
[Site "online"]
[Date "2020.06.04"]
[Round "8.68"]
[White "Goswami, Pratyush"]
[Black "Gadhia, Sai"]
[Result "1-0"]
[WhiteElo "1075"]
[BlackElo "775"]
[PlyCount "35"]
[EventDate "2020.06.04"]
[WhiteTeam "Muswell Hill Rookies A"]
[BlackTeam "Blue Foxes 2"]

1. c4 e5 2. Nc3 Nc6 3. g3 Nf6 4. Bg2 Bb4 5. Nf3 e4 6. Ng1 d5 7. cxd5 Ne7 8.
Nxe4 Nxe4 9. Bxe4 Nxd5 10. Bxd5 Qxd5 11. Nf3 Bg4 12. Qa4+ b5 13. Qxb4 c5 14.
Qxg4 f5 15. Qh4 O-O 16. O-O g5 17. Nxg5 Rad8 18. Qxh7# 1-0

[Event "Junior Online 4NCL Division 5"]
[Site "online"]
[Date "2020.06.04"]
[Round "8.69"]
[White "Bhattacharya, Cali"]
[Black "Kula, Michal"]
[Result "1-0"]
[WhiteElo "1375"]
[BlackElo "850"]
[PlyCount "105"]
[EventDate "2020.06.04"]
[WhiteTeam "Muswell Hill Rookies A"]
[BlackTeam "Blue Foxes 2"]

1. e4 e5 2. Nf3 Nc6 3. Bc4 f6 4. O-O a6 5. Nc3 b5 6. Bb3 Nh6 7. d3 Na5 8. Bd5
c6 9. Bb3 Nxb3 10. axb3 a5 11. Na2 a4 12. Nc3 d6 13. bxa4 bxa4 14. Rxa4 Rxa4
15. Nxa4 g5 16. Nc3 g4 17. Nd2 Ba6 18. Nb3 Rg8 19. Be3 c5 20. Nd5 Bb7 21. Nc3
d5 22. exd5 Bxd5 23. Nxc5 Bxc5 24. Bxc5 Qa5 25. Nxd5 Qxc5 26. Nxf6+ Kf7 27.
Nxg8 Nxg8 28. Qxg4 Nf6 29. Qc4+ Qd5 30. Qxd5+ Nxd5 31. Re1 Kf6 32. f3 Nb4 33.
Rc1 Na2 34. Ra1 Nb4 35. c3 Nxd3 36. Ra6+ Kg5 37. b4 Nb2 38. b5 Nc4 39. b6 Nd6
40. c4 Nb7 41. Ra7 Nc5 42. b7 Nxb7 43. Rxb7 Kf4 44. Rxh7 Ke3 45. c5 Kd4 46. c6
Kd5 47. c7 e4 48. fxe4+ Kxe4 49. c8=Q Ke3 50. Re7+ Kf4 51. Qf8+ Kg5 52. Rg7+
Kh6 53. Qh8# 1-0

[Event "Junior Online 4NCL Division 5"]
[Site "online"]
[Date "2020.06.04"]
[Round "8.70"]
[White "Mittal, Aarav"]
[Black "Kuryan, Elizabeth"]
[Result "0-1"]
[WhiteElo "812"]
[BlackElo "1277"]
[PlyCount "42"]
[EventDate "2020.06.04"]
[WhiteTeam "Blue Foxes 2"]
[BlackTeam "Muswell Hill Rookies A"]

1. e4 c5 2. Bc4 e6 3. Qh5 Nc6 4. Nf3 Nf6 5. Qh3 d5 6. exd5 exd5 7. Bb5 Bxh3 8.
gxh3 Bd6 9. Ng5 O-O 10. Ne6 Qe7 11. Rg1 Qxe6+ 12. Kd1 Qxh3 13. d4 c4 14. Bg5
Ne4 15. Bf6 Nxf6 16. f3 Qxf3+ 17. Kd2 Ne4+ 18. Kc1 Bf4+ 19. Nd2 Bxd2+ 20. Kb1
Qf2 21. Rg4 Qe1# 0-1

[Event "Junior Online 4NCL Division 5"]
[Site "online"]
[Date "2020.06.04"]
[Round "8.71"]
[White "Szanyi, Tristan"]
[Black "Gadhia, Sathya"]
[Result "1-0"]
[WhiteElo "1240"]
[BlackElo "812"]
[PlyCount "39"]
[EventDate "2020.06.04"]
[WhiteTeam "Muswell Hill Rookies A"]
[BlackTeam "Blue Foxes 2"]

1. e4 e5 2. Nf3 Nf6 3. Nxe5 Nxe4 4. Qe2 Qe7 5. Qxe4 f6 6. Nc3 fxe5 7. Bd3 Qe6
8. O-O Qc6 9. Qxe5+ Qe6 10. Qg3 Bb4 11. b3 Bxc3 12. dxc3 d6 13. Bf4 Qg4 14.
Rfe1+ Kf8 15. Qxg4 Bxg4 16. f3 Bd7 17. Be4 d5 18. Bxd5 c6 19. Bc4 Bf5 20. Bd6#
1-0

[Event "Junior Online 4NCL Division 5"]
[Site "online"]
[Date "2020.06.04"]
[Round "8.75"]
[White "Bevan, Andrei"]
[Black "Roul, Karan"]
[Result "1-0"]
[WhiteElo "1352"]
[BlackElo "434"]
[PlyCount "49"]
[EventDate "2020.06.04"]
[WhiteTeam "Muswell Hill Rookies B"]
[BlackTeam "East Kilbride Bishops"]

1. Nf3 d5 2. g3 Nf6 3. Bg2 Bg4 4. O-O Bxf3 5. Bxf3 Nc6 6. c4 e6 7. d4 dxc4 8.
Qa4 Qxd4 9. Bxc6+ bxc6 10. Qxc6+ Qd7 11. Qxa8+ Ke7 12. Qxa7 Ng4 13. Qc5+ Ke8
14. Qxc4 f5 15. h3 Ne5 16. Qc2 Be7 17. Rd1 Bd6 18. Bf4 Qc8 19. Rxd6 Nf7 20.
Qc6+ Kf8 21. Rxe6 g6 22. Bd6+ Kg7 23. Be5+ Kf8 24. Bxh8 Nd8 25. Qe8# 1-0

[Event "Junior Online 4NCL Division 5"]
[Site "online"]
[Date "2020.06.04"]
[Round "8.76"]
[White "Narasimhan, Srivathsan"]
[Black "Burnton, Joshua"]
[Result "1-0"]
[WhiteElo "410"]
[BlackElo "1315"]
[PlyCount "111"]
[EventDate "2020.06.04"]
[WhiteTeam "East Kilbride Bishops"]
[BlackTeam "Muswell Hill Rookies B"]

1. e4 e5 2. Nf3 Nc6 3. Nc3 Nf6 4. d4 exd4 5. Nxd4 Bb4 6. Nxc6 dxc6 7. Bd2 Bxc3
8. Bxc3 Qd4 9. Qxd4 O-O 10. Bc4 Bg4 11. O-O Rad8 12. Qxa7 Nxe4 13. Bb4 Nd6 14.
Bxd6 Rxd6 15. Qxb7 Rd2 16. Qxc7 Rxc2 17. Qxc6 Rc8 18. Bxf7+ Kxf7 19. Qb7+ R8c7
20. Qb3+ Be6 21. Qf3+ Ke7 22. Rfe1 Kd7 23. Qe3 R7c6 24. Qa7+ Rc7 25. Qa4+ R7c6
26. Rac1 Rxc1 27. Rxc1 Bd5 28. Qg4+ Kd6 29. Qf4+ Kd7 30. Qf5+ Kd6 31. Rd1 Rc5
32. Qf8+ Kc6 33. Qe8+ Kb6 34. Qd8+ Kc6 35. Kf1 Bc4+ 36. Ke1 Re5+ 37. Kd2 Rd5+
38. Kc1 Rxd8 39. Rxd8 Kc7 40. Rh8 Bxa2 41. Rxh7 Bd5 42. Rxg7+ Kc6 43. Rg6+ Kc5
44. Rg5 Kc4 45. Rg4+ Kc5 46. Kd2 Bc4 47. Kc3 Be6 48. Rg5+ Kd6 49. Rg6 Kd5 50.
h4 Ke5 51. h5 Bf7 52. Rg5+ Kf6 53. f4 Ke6 54. h6 Kf6 55. h7 Bg6 56. h8=Q+ 1-0

[Event "Junior Online 4NCL Division 5"]
[Site "online"]
[Date "2020.06.04"]
[Round "8.78"]
[White "Israni, Ishita"]
[Black "Vera, Louis"]
[Result "0-1"]
[WhiteElo "306"]
[BlackElo "1112"]
[PlyCount "72"]
[EventDate "2020.06.04"]
[WhiteTeam "East Kilbride Bishops"]
[BlackTeam "Muswell Hill Rookies B"]

1. e4 c6 2. Nf3 d5 3. Nc3 d4 4. Nxd4 Qxd4 5. Bd3 e5 6. O-O Nf6 7. Ne2 Qb6 8. b3
Bc5 9. Qe1 Ng4 10. h3 Bxf2+ 11. Rxf2 Qxf2+ 12. Qxf2 Nxf2 13. Kxf2 O-O 14. Ba3
Re8 15. Ng3 Re6 16. Kg1 Rg6 17. Nh5 Bxh3 18. Rf1 Rxg2+ 19. Kh1 Rxd2 20. Bc4
Bxf1 21. Bxf1 g6 22. Nf6+ Kg7 23. Ne8+ Kh8 24. Bb2 Nd7 25. Nc7 Rxc2 26. Nxa8
Rxb2 27. Bc4 Rxa2 28. Nc7 Nf6 29. Bxf7 Nxe4 30. b4 Ra1+ 31. Kg2 Rd1 32. Kf3 Rd7
33. Ne6 Nd2+ 34. Kg4 Rxf7 35. Kg5 Rf5+ 36. Kh6 Rh5# 0-1

[Event "Junior Online 4NCL Division 5"]
[Site "online"]
[Date "2020.06.04"]
[Round "8.79"]
[White "Roul, Karan"]
[Black "Bevan, Andrei"]
[Result "0-1"]
[WhiteElo "434"]
[BlackElo "1352"]
[PlyCount "94"]
[EventDate "2020.06.04"]
[WhiteTeam "East Kilbride Bishops"]
[BlackTeam "Muswell Hill Rookies B"]

1. e4 c5 2. Nc3 Nc6 3. Nf3 e6 4. Bb5 Nf6 5. Bxc6 bxc6 6. d4 cxd4 7. Nxd4 Bc5 8.
Be3 Bxd4 9. Bxd4 Ba6 10. Qd2 O-O 11. O-O-O d5 12. f3 Qc7 13. g4 e5 14. Bc5 Rfd8
15. exd5 cxd5 16. Be3 d4 17. Qe1 dxc3 18. Rxd8+ Rxd8 19. Qxc3 Qxc3 20. bxc3 Nd5
21. Rd1 Rd7 22. Bxa7 Rxa7 23. Rxd5 f6 24. Ra5 Ra8 25. c4 Bb7 26. Rxa8+ Bxa8 27.
c5 Bxf3 28. a4 Bxg4 29. a5 Bc8 30. c6 Kf7 31. c4 Ke6 32. Kc2 Kd6 33. Kc3 Kxc6
34. Kb4 Ba6 35. Kc3 e4 36. Kd2 e3+ 37. Kxe3 Bxc4 38. Kf4 Ba6 39. Kf5 Kd5 40. h4
Bd3+ 41. Kf4 h6 42. Kg4 g5 43. Kh5 Be2+ 44. Kxh6 gxh4 45. Kg6 h3 46. Kxf6 h2
47. a6 Bxa6 0-1

[Event "Junior Online 4NCL Division 5"]
[Site "online"]
[Date "2020.06.04"]
[Round "8.80"]
[White "Burnton, Joshua"]
[Black "Narasimhan, Srivathsan"]
[Result "1-0"]
[WhiteElo "1315"]
[BlackElo "410"]
[PlyCount "41"]
[EventDate "2020.06.04"]
[WhiteTeam "Muswell Hill Rookies B"]
[BlackTeam "East Kilbride Bishops"]

1. Nf3 d5 2. c4 Nf6 3. d4 Nc6 4. Nc3 dxc4 5. e4 Bg4 6. Be3 Bxf3 7. gxf3 e5 8.
d5 Nd4 9. Bxd4 exd4 10. Qxd4 c5 11. Qxc4 Bd6 12. O-O-O O-O 13. Nb5 Be7 14. e5
a6 15. exf6 Bxf6 16. Nc3 b5 17. Qxc5 Be7 18. Qd4 a5 19. Bxb5 Bb4 20. Rhg1 Rc8
21. Qxg7# 1-0

[Event "Junior Online 4NCL Division 5"]
[Site "online"]
[Date "2020.06.04"]
[Round "8.81"]
[White "Roul, Tushar"]
[Black "Toth, Nandor"]
[Result "0-1"]
[WhiteElo "398"]
[BlackElo "1210"]
[PlyCount "61"]
[EventDate "2020.06.04"]
[WhiteTeam "East Kilbride Bishops"]
[BlackTeam "Muswell Hill Rookies B"]

1. e4 e5 2. Nf3 Nc6 3. Nc3 Nf6 4. d4 exd4 5. Nxd4 Bb4 6. Nf3 Bxc3+ 7. Bd2 Bxd2+
8. Qxd2 Qe7 9. O-O-O Nxe4 10. Qe2 O-O 11. Re1 Re8 12. Ng5 Nxf2 13. Qxf2 Qxe1+
14. Qxe1 Rxe1+ 15. Kd2 Re5 16. h4 h6 17. Nf3 Rd5+ 18. Bd3 Ne5 19. Re1 Nxd3 20.
cxd3 d6 21. g4 Bxg4 22. Nh2 Bf5 23. Nf1 Rxd3+ 24. Kc1 Rh3 25. Re7 Rxh4 26. Rxc7
Rc8 27. Rxc8+ Bxc8 28. Ne3 Rh1+ 29. Nd1 Bg4 30. Kc2 Bxd1+ 31. Kd2 0-1

[Event "Junior Online 4NCL Division 5"]
[Site "online"]
[Date "2020.06.04"]
[Round "8.82"]
[White "Vera, Louis"]
[Black "Israni, Ishita"]
[Result "1-0"]
[WhiteElo "1112"]
[BlackElo "306"]
[PlyCount "51"]
[EventDate "2020.06.04"]
[WhiteTeam "Muswell Hill Rookies B"]
[BlackTeam "East Kilbride Bishops"]

1. d4 Nc6 2. d5 Ne5 3. Bf4 d6 4. Nc3 Nf6 5. e4 Ng6 6. Bb5+ Bd7 7. Bxd7+ Qxd7 8.
Bg3 e5 9. Nf3 Be7 10. O-O O-O 11. Re1 c6 12. Re2 cxd5 13. Nxd5 Nxd5 14. Qxd5
Rac8 15. Nxe5 Nxe5 16. Bxe5 Rc7 17. Bc3 Rfc8 18. Qd4 Bf6 19. Qd3 Bxc3 20. bxc3
Rxc3 21. Qd2 Qa4 22. Rc1 b5 23. Re3 Rxc2 24. Rxc2 Rxc2 25. Rc3 Rxd2 26. Rc8#
1-0

[Event "Junior Online 4NCL Division 5"]
[Site "online"]
[Date "2020.06.04"]
[Round "8.86"]
[White "Tumurugoti, Vaed"]
[Black "Salguero, Santiago"]
[Result "1-0"]
[WhiteElo "865"]
[BlackElo "1000"]
[PlyCount "25"]
[EventDate "2020.06.04"]
[WhiteTeam "Friar Tucks"]
[BlackTeam "Surrey Kings 2"]

1. e4 e5 2. Nf3 Nc6 3. Bc4 Nf6 4. Ng5 Ng8 5. Nxf7 Qg5 6. Nxg5 h6 7. d3 Be7 8.
h4 hxg5 9. Qf3 Nd4 10. Qf7+ Kd8 11. Qxg7 Rh6 12. Qxg8+ Bf8 13. Qxf8# 1-0

[Event "Junior Online 4NCL Division 5"]
[Site "online"]
[Date "2020.06.04"]
[Round "8.87"]
[White "Ambrose, Daniel"]
[Black "Golding, Daniel"]
[Result "0-1"]
[WhiteElo "925"]
[BlackElo "700"]
[PlyCount "86"]
[EventDate "2020.06.04"]
[WhiteTeam "Surrey Kings 2"]
[BlackTeam "Friar Tucks"]

1. d4 d5 2. Qd3 Nc6 3. Qb5 Bf5 4. Qxb7 Rb8 5. Qxc6+ Qd7 6. Qa6 Nf6 7. Qxa7 Rd8
8. Qa5 e6 9. Be3 Bd6 10. c3 O-O 11. b4 e5 12. Na3 exd4 13. cxd4 c5 14. bxc5 Bc7
15. Nb5 Bxa5+ 16. Kd1 Qxb5 17. Rc1 Qb4 18. c6 Ne4 19. c7 Rc8 20. g4 Bxg4 21.
Bg2 Nd6 22. Bxd5 Rxc7 23. Rxc7 Bxc7 24. Bg5 Qxd4+ 25. Ke1 Qxd5 26. Kf1 Qxh1 27.
Bf4 Nb5 28. Bxc7 Nxc7 29. e4 Qxh2 30. f3 Nb5 31. e5 Bxf3 32. Nxf3 Rc8 33. a4
Rc1+ 34. Ne1 Nc3 35. a5 Qxe5 36. a6 Qb8 37. Kg2 Rxe1 38. Kf3 Qa8+ 39. Kf4 Qxa6
40. Kg5 Qe6 41. Kf4 Qf6+ 42. Kg4 Rg1+ 43. Kh3 Qh6# 0-1

[Event "Junior Online 4NCL Division 5"]
[Site "online"]
[Date "2020.06.04"]
[Round "8.89"]
[White "Edwards, Benjy"]
[Black "Bett, Joshua"]
[Result "1-0"]
[WhiteElo "1037"]
[BlackElo "906"]
[PlyCount "89"]
[EventDate "2020.06.04"]
[WhiteTeam "Surrey Kings 2"]
[BlackTeam "Friar Tucks"]

1. e4 c6 2. d4 d5 3. exd5 cxd5 4. Nc3 Nf6 5. Bb5+ Nc6 6. Ba4 a6 7. Bg5 h6 8.
Bxf6 exf6 9. Nxd5 Qxd5 10. Bxc6+ bxc6 11. b3 Qe4+ 12. Ne2 Bb4+ 13. c3 Bxc3+ 14.
Kf1 Bxa1 15. f3 Qe3 16. Qxa1 O-O 17. Qc1 Qe6 18. Nf4 Qe3 19. Qxe3 Bh3 20. Nxh3
Rfe8 21. Qc3 a5 22. Qxc6 Rac8 23. Qd7 Kf8 24. Kf2 Re7 25. Qxc8+ Re8 26. Qf5 g6
27. Qxf6 g5 28. Qxh6+ Ke7 29. Nxg5 f6 30. Ne4 Rd8 31. Qxf6+ Kd7 32. Qd6+ Ke8
33. Qg6+ Ke7 34. h4 Rxd4 35. h5 Rd2+ 36. Nxd2 a4 37. bxa4 Kd7 38. h6 Kd8 39. h7
Ke7 40. h8=Q Kd7 41. a5 Kc7 42. a6 Kd7 43. a7 Kc7 44. a8=Q Kd7 45. Qa7# 1-0

[Event "Junior Online 4NCL Division 5"]
[Site "online"]
[Date "2020.06.04"]
[Round "8.90"]
[White "Salguero, Santiago"]
[Black "Tumurugoti, Vaed"]
[Result "1-0"]
[WhiteElo "1000"]
[BlackElo "865"]
[PlyCount "25"]
[EventDate "2020.06.04"]
[WhiteTeam "Surrey Kings 2"]
[BlackTeam "Friar Tucks"]

1. e4 e5 2. Nf3 Nc6 3. d4 f6 4. d5 Nb4 5. Nxe5 Qe7 6. Qh5+ g6 7. Nxg6 Qxe4+ 8.
Kd2 hxg6 9. Qxh8 Qxd5+ 10. Kc3 c5 11. Be3 Ne7 12. Bh6 Qh5 13. Qxf8# 1-0

[Event "Junior Online 4NCL Division 5"]
[Site "online"]
[Date "2020.06.04"]
[Round "8.91"]
[White "Golding, Daniel"]
[Black "Ambrose, Daniel"]
[Result "0-1"]
[WhiteElo "700"]
[BlackElo "925"]
[PlyCount "26"]
[EventDate "2020.06.04"]
[WhiteTeam "Friar Tucks"]
[BlackTeam "Surrey Kings 2"]

1. e4 Nf6 2. Nc3 Nc6 3. Bc4 Nxe4 4. d3 Nxc3 5. bxc3 b5 6. Bxb5 Bb7 7. Nf3 e5 8.
O-O d5 9. d4 exd4 10. Nxd4 Qh4 11. Bxc6+ Bxc6 12. Nxc6 Bd6 13. Qxd5 Qxh2# 0-1

[Event "Junior Online 4NCL Division 5"]
[Site "online"]
[Date "2020.06.04"]
[Round "8.96"]
[White "Howell, Lewis"]
[Black "Turner, Rufus"]
[Result "1-0"]
[WhiteElo "653"]
[BlackElo "850"]
[PlyCount "121"]
[EventDate "2020.06.04"]
[WhiteTeam "PSE Panthers"]
[BlackTeam "Manchester Juniors D"]

1. e4 e5 2. Bc4 c6 3. Qf3 d5 4. exd5 cxd5 5. Bxd5 Ne7 6. Qxf7+ Kd7 7. Be6+ Kc6
8. Bxc8 Qxc8 9. Qc4+ Kd7 10. Qxc8+ Nxc8 11. Nf3 e4 12. Ne5+ Ke6 13. d4 Bb4+ 14.
c3 Bd6 15. Bf4 Nb6 16. O-O N8d7 17. Nxd7 Bxf4 18. Nxb6 axb6 19. g3 Bd6 20. Re1
Kf5 21. Nd2 Rae8 22. f3 e3 23. g4+ Kf4 24. Nc4 Bf8 25. Nxb6 Bd6 26. Nd5+ Kxf3
27. a4 Kxg4 28. Nxe3+ Kf3 29. Nf5 Rhf8 30. Nxd6 Rd8 31. Nxb7 Rb8 32. Nc5 Rxb2
33. a5 Rc2 34. a6 Rxc3 35. a7 Rd3 36. a8=Q+ Rxa8 37. Rxa8 Rxd4 38. Rf8+ Kg4 39.
Kh1 Kg5 40. Rg1+ Kh5 41. Rf5+ Kh6 42. Rg3 Rd1+ 43. Kg2 Rd2+ 44. Kf1 Rd1+ 45.
Ke2 Ra1 46. Rf4 g5 47. Rf6+ Kh5 48. Ne4 Ra2+ 49. Kd3 Ra3+ 50. Kc2 Ra2+ 51. Kb3
Ra8 52. Rxg5+ Kh4 53. Rf4+ Kh3 54. Rg3+ Kxh2 55. Rf2+ Kh1 56. Re3 Rb8+ 57. Kc4
Rc8+ 58. Kd5 Rd8+ 59. Kc6 Rc8+ 60. Kd7 Ra8 61. Re1# 1-0

[Event "Junior Online 4NCL Division 5"]
[Site "online"]
[Date "2020.06.04"]
[Round "8.97"]
[White "Hitchman, George S"]
[Black "Yeadon, William"]
[Result "0-1"]
[WhiteElo "760"]
[BlackElo "525"]
[PlyCount "52"]
[EventDate "2020.06.04"]
[WhiteTeam "Manchester Juniors D"]
[BlackTeam "PSE Panthers"]

1. e4 d6 2. d4 d5 3. Bb5+ c6 4. Bf4 cxb5 5. Qh5 Nf6 6. Qg5 g6 7. Nc3 Bh6 8. Qg3
dxe4 9. O-O-O O-O 10. Bxh6 Re8 11. Nxb5 Nh5 12. Qe5 f6 13. Qd5+ e6 14. Qxe4 f5
15. Qe5 Qe7 16. Nc7 Nc6 17. Nd5 Nxe5 18. Nxe7+ Rxe7 19. Bg5 Rc7 20. dxe5 Bd7
21. Be7 Ba4 22. Bd6 Rxc2+ 23. Kb1 Rxf2 24. Rc1 Rxg2 25. Bb8 Rxb8 26. Rc7 Nf4
0-1

[Event "Junior Online 4NCL Division 5"]
[Site "online"]
[Date "2020.06.04"]
[Round "8.98"]
[White "Withnall, Harry"]
[Black "Pickett, George"]
[Result "0-1"]
[WhiteElo "597"]
[BlackElo "775"]
[PlyCount "40"]
[EventDate "2020.06.04"]
[WhiteTeam "PSE Panthers"]
[BlackTeam "Manchester Juniors D"]

1. e4 e5 2. Nf3 Nc6 3. Nc3 Bc5 4. Bc4 Nf6 5. d3 O-O 6. Bg5 d6 7. O-O h6 8. Bxf6
Qxf6 9. Nd2 Qg6 10. Nf3 Bh3 11. g3 Bd7 12. Nd5 Rac8 13. Nh4 Qe6 14. Kg2 Qh3+
15. Kf3 Qxh2 16. Bb5 Qh3 17. Bxc6 bxc6 18. Ne7+ Kh8 19. Nxc8 Rxc8 20. a4 Bg4#
0-1

[Event "Junior Online 4NCL Division 5"]
[Site "online"]
[Date "2020.06.04"]
[Round "8.100"]
[White "Turner, Rufus"]
[Black "Howell, Lewis"]
[Result "1-0"]
[WhiteElo "850"]
[BlackElo "653"]
[PlyCount "99"]
[EventDate "2020.06.04"]
[WhiteTeam "Manchester Juniors D"]
[BlackTeam "PSE Panthers"]

1. d4 e5 2. dxe5 Bc5 3. h4 f6 4. exf6 Qxf6 5. h5 Qxf2+ 6. Kd2 Qe3+ 7. Ke1 Qf2+
8. Kd2 Bb4+ 9. c3 Bc5 10. b4 Be3+ 11. Kc2 Bxc1 12. Qxc1 Qf5+ 13. e4 Qxe4+ 14.
Bd3 Qxg2+ 15. Ne2 d5 16. h6 gxh6 17. Re1 Qf2 18. Rf1 Qb6 19. Qf4 Bd7 20. Qe5+
Kd8 21. Qxh8 Ba4+ 22. Kb2 Kd7 23. Qg7+ Ke6 24. Qxg8+ Ke5 25. Qh8+ Kd6 26. Qf8+
Ke5 27. Qf5+ Kd6 28. Qf4+ Kc6 29. Qf6+ Kd7 30. Qf7+ Kd6 31. Rf6+ Ke5 32. Rxb6
cxb6 33. Qf5+ Kd6 34. Qf4+ Kc6 35. Nd4+ Kd7 36. Bf5+ Ke7 37. Qc7+ Kf6 38. Qxb7
Ke5 39. Qxa8 Kf4 40. Qxa7 Nc6 41. Qxb6 Nxd4 42. Bc8 Nc2 43. Qxh6+ Ke4 44. Qxh7+
Ke3 45. Qe7+ Kf2 46. Qh4+ Ke3 47. Qh3+ Ke2 48. Qh2+ Kd1 49. Bg4+ Ke1 50. Qe2#
1-0

[Event "Junior Online 4NCL Division 5"]
[Site "online"]
[Date "2020.06.04"]
[Round "8.101"]
[White "Yeadon, William"]
[Black "Hitchman, George S"]
[Result "1-0"]
[WhiteElo "525"]
[BlackElo "760"]
[PlyCount "95"]
[EventDate "2020.06.04"]
[WhiteTeam "PSE Panthers"]
[BlackTeam "Manchester Juniors D"]

1. d4 d5 2. Nc3 Bf5 3. Bg5 e6 4. Bxd8 Bb4 5. a3 Bxc3+ 6. bxc3 Kxd8 7. Nf3 Nd7
8. Ne5 Nxe5 9. dxe5 Nh6 10. Qd4 Bxc2 11. Qh4+ f6 12. exf6 Nf5 13. Qh3 Bb3 14.
c4 Bxc4 15. e4 Ne3 16. Qxe3 Bxf1 17. Rxf1 Kd7 18. O-O-O Rae8 19. exd5 Kc8 20.
dxe6 Kb8 21. e7 g6 22. Rd8+ Rxd8 23. exd8=Q+ Rxd8 24. Rd1 Rc8 25. f7 Rf8 26.
Rd8+ Rxd8 27. f8=Q Rxf8 28. Qh6 Rxf2 29. g4 Rf1+ 30. Kc2 Rf2+ 31. Kd3 Rf3+ 32.
Ke2 Rf7 33. Qh4 Re7+ 34. Qxe7 b6 35. Qxh7 Kb7 36. Qxg6 Ka6 37. h4 Ka5 38. h5 b5
39. h6 Ka4 40. h7 Kxa3 41. h8=Q b4 42. Qd3+ b3 43. Qa1+ Kb4 44. Qdd4+ Kb5 45.
Qd5+ Kb6 46. Qad4+ Ka6 47. Qxb3 Ka5 48. Qda4# 1-0

[Event "Junior Online 4NCL Division 5"]
[Site "online"]
[Date "2020.06.04"]
[Round "8.102"]
[White "Pickett, George"]
[Black "Withnall, Harry"]
[Result "1-0"]
[WhiteElo "775"]
[BlackElo "597"]
[PlyCount "41"]
[EventDate "2020.06.04"]
[WhiteTeam "Manchester Juniors D"]
[BlackTeam "PSE Panthers"]

1. e4 e5 2. Bc4 Nf6 3. d3 Nc6 4. Nf3 d6 5. Nc3 Bg4 6. h3 Bxf3 7. Qxf3 d5 8.
exd5 Na5 9. Bb5+ c6 10. dxc6 bxc6 11. Bxc6+ Nxc6 12. Qxc6+ Qd7 13. Qxa8+ Qd8
14. Qxa7 Qd7 15. Qe3 Bd6 16. O-O O-O 17. Ne4 Nxe4 18. dxe4 Qc7 19. Qg3 Bc5 20.
Bh6 Be7 21. Qxg7# 1-0

[Event "Junior Online 4NCL Division 5"]
[Site "online"]
[Date "2020.06.04"]
[Round "8.105"]
[White "Lee, Damin"]
[Black "Chopra, Nipun"]
[Result "1-0"]
[WhiteElo "1150"]
[BlackElo "775"]
[PlyCount "55"]
[EventDate "2020.06.04"]
[WhiteTeam "Surrey Kings 1"]
[BlackTeam "Uxbridge Juniors C"]

1. e4 e5 2. Nf3 Bc5 3. Nxe5 d6 4. Nf3 Bg4 5. h3 Bh5 6. g4 Bg6 7. Ng5 Qxg5 8. d4
Bb6 9. Bxg5 f6 10. Bc1 h5 11. gxh5 Bxh5 12. Be2 Bg6 13. Rg1 Ne7 14. Nc3 Rxh3
15. Nd5 c6 16. Nxb6 axb6 17. e5 dxe5 18. dxe5 fxe5 19. Bg4 Kf7 20. Bxh3 b5 21.
Qf3+ Ke8 22. Rxg6 Nxg6 23. Qh5 Kf7 24. Be6+ Kf6 25. Bf5 Kf7 26. Qxg6+ Kg8 27.
Be6+ Kh8 28. Qh5# 1-0

[Event "Junior Online 4NCL Division 5"]
[Site "online"]
[Date "2020.06.04"]
[Round "8.106"]
[White "Bhargava, Aarav"]
[Black "Flanders, William"]
[Result "1/2-1/2"]
[WhiteElo "820"]
[BlackElo "1112"]
[PlyCount "41"]
[EventDate "2020.06.04"]
[WhiteTeam "Uxbridge Juniors C"]
[BlackTeam "Surrey Kings 1"]

1. e4 e6 2. Nf3 g5 3. Nc3 Qf6 4. Bb5 Bc5 5. d3 g4 6. O-O gxf3 7. Qxf3 Qh4 8. g3
Qh6 9. Na4 Bf8 10. Bxh6 Nxh6 11. Qd1 Rg8 12. Qd2 c6 13. Bc4 b5 14. Nb6 bxc4 15.
Nxa8 Bg7 16. Nc7+ Ke7 17. Qb4+ Kd8 18. Qxb8 Be5 19. f4 Bxc7 20. Qxa7 Ng4 21.
dxc4 1/2-1/2

[Event "Junior Online 4NCL Division 5"]
[Site "online"]
[Date "2020.06.04"]
[Round "8.107"]
[White "Gardner, Oliver"]
[Black "Chopra, Raashi"]
[Result "1-0"]
[WhiteElo "1075"]
[BlackElo "700"]
[PlyCount "57"]
[EventDate "2020.06.04"]
[WhiteTeam "Surrey Kings 1"]
[BlackTeam "Uxbridge Juniors C"]

1. e4 e5 2. d4 Be7 3. Nf3 Bf8 4. Nxe5 Qh4 5. g3 Qh5 6. Qxh5 g6 7. Qd1 Bb4+ 8.
c3 Bf8 9. b4 Nc6 10. Bb2 d6 11. Nc4 d5 12. Ne3 dxe4 13. d5 Ne5 14. c4 Nxc4 15.
Bxh8 Nb2 16. Qc1 Nd3+ 17. Bxd3 exd3 18. O-O c5 19. bxc5 b6 20. cxb6 axb6 21.
Rd1 Nf6 22. Rxd3 Be7 23. Rc3 Nh5 24. Rxc8+ Rxc8 25. Qxc8+ Bd8 26. Nc4 Nf6 27.
Ne5 Nxd5 28. Nc6 Ne7 29. Qxd8# 1-0